| 000 | 01118cam a2200313 i 4500 | ||
|---|---|---|---|
| 001 | 70318 | ||
| 003 | Mx-PuUPA | ||
| 005 | 20230703121359.0 | ||
| 008 | 230628s2022 xxua|||fr|||| 00| 0 eng d | ||
| 020 |
_a9781498764919 _qrústica |
||
| 024 | 7 |
_2doi _a10.1201/9780429186349 |
|
| 040 |
_aMx-PuUPA _bspa _cMx-PuUPA _dMx-PuUPA _erda |
||
| 041 | 0 | _aeng | |
| 100 | 1 |
_aChandramouli, Magesh, _914400 _eautor |
|
| 245 | 1 | 0 |
_a3D Modeling & animation : _ba primer / _cMagesh Chandramouli |
| 250 | _aFirst edition | ||
| 264 | 1 |
_aBoca Raton, FL : _bCRC Press, _c©2022 |
|
| 300 |
_axix, 344 páginas : _bilustraciones ; _c26 cm |
||
| 336 |
_2rdacontent _atexto _btxt |
||
| 337 |
_2rdamedia _asin medio _bn |
||
| 338 |
_2rdacarrier _avolumen _bnc |
||
| 650 | 7 |
_2armarc _aAnimación por computadora |
|
| 650 | 7 |
_2armarc _aGrafícos por computadora |
|
| 650 | 7 |
_2armarc _aSistemas de visualización tridimensionales |
|
| 942 |
_2ddc _cLI _h006.696 _i426 |
||
| 999 |
_c70318 _d70318 |
||